[Event "VII Open Vallee d'Aoste A"]
[Site "Saint Vincent - Chatillon ITA"]
[Date "1999.02.13"]
[Round "8"]
[White "Hickl, Joerg"]
[Black "Sulava, Nenad"]
[Result "0-1"]
[WhiteElo "2575"]
[BlackElo "2466"]
[PlyCount "68"]
[EventDate "1999.02.06"]

1. g3 e5 2. Bg2 h5 3. d4 exd4 4. Nf3 Bb4+ 5. Nbd2 Nc6 6. O-O d5 7. Nb3 h4 8.
Nbxd4 hxg3 9. hxg3 Nge7 10. Qd3 Bd6 11. Nxc6 bxc6 12. c4 Bf5 13. Qc3 Qd7 14.
Rd1 Bh3 15. Bh1 O-O-O 16. Ng5 f6 17. Nxh3 Rxh3 18. Bg2 Rdh8 19. Qf3 Rh2 20.
cxd5 cxd5 21. Be3 g5 22. Rac1 Qe6 23. Bc5 f5 24. Bxd6 Qxd6 25. Rc3 Qh6 26. Rdc1
g4 27. Rxc7+ Kd8 28. Rc8+ Nxc8 29. Qxd5+ Nd6 30. Qa5+ Ke8 31. Bc6+ Kf8 32. Qd8+
Kg7 33. Qd7+ Nf7 34. Qd4+ Kg6 0-1

[Event "VII Open Vallee d'Aoste A"]
[Site "Saint Vincent - Chatillon ITA"]
[Date "1999.02.13"]
[Round "8"]
[White "Loginov, Valery A."]
[Black "Godena, Michele"]
[Result "1-0"]
[WhiteElo "2532"]
[BlackElo "2552"]
[PlyCount "85"]
[EventDate "1999.02.06"]

1. Nf3 Nf6 2. g3 b5 3. Bg2 Bb7 4. O-O e6 5. d3 Be7 6. e4 d6 7. a4 b4 8. a5 a6
9. c3 Nc6 10. Nbd2 O-O 11. d4 bxc3 12. bxc3 Na7 13. Re1 d5 14. exd5 exd5 15.
Ne5 Nb5 16. Bb2 Qc8 17. Nb3 Rb8 18. Nc5 Ba8 19. Qc2 Re8 20. Re2 Nd6 21. Rae1
Nde4 22. Nxe4 dxe4 23. c4 c5 24. d5 Bd6 25. Nc6 Bxc6 26. dxc6 Qxc6 27. Bxf6
gxf6 28. Bxe4 Qc7 29. Bxh7+ Kf8 30. Qd2 Rxe2 31. Qh6+ Ke7 32. Rxe2+ Be5 33. f4
Rb2 34. Qh5 Qd7 35. fxe5 Qd1+ 36. Kf2 Qd4+ 37. Kg2 fxe5 38. Rxb2 Qxb2+ 39. Kh3
Qd4 40. Qe2 Qd7+ 41. Kg2 f6 42. Be4 Qc7 43. Qd2 1-0

[Event "VII Open Vallee d'Aoste A"]
[Site "Saint Vincent - Chatillon ITA"]
[Date "1999.02.13"]
[Round "8"]
[White "Lugovoi, Aleksei"]
[Black "Tomescu, Vlad"]
[Result "1-0"]
[WhiteElo "2510"]
[BlackElo "2436"]
[PlyCount "59"]
[EventDate "1999.02.06"]

1. d4 Nf6 2. c4 g6 3. Nc3 d5 4. cxd5 Nxd5 5. Nf3 Bg7 6. e4 Nxc3 7. bxc3 O-O 8.
Be2 c5 9. O-O b6 10. Bg5 Bb7 11. Qd2 Nd7 12. Rad1 Qe8 13. d5 f5 14. exf5 Rxf5
15. Qe3 Rxd5 16. Bb5 Kh8 17. Rxd5 Bxd5 18. Rd1 a6 19. Bxd7 Qxd7 20. c4 e6 21.
cxd5 exd5 22. Qb3 c4 23. Qxc4 dxc4 24. Rxd7 b5 25. Rd8+ Rxd8 26. Bxd8 b4 27.
Ba5 b3 28. axb3 cxb3 29. Nd2 b2 30. Kf1 1-0

[Event "VII Open Vallee d'Aoste A"]
[Site "Saint Vincent - Chatillon ITA"]
[Date "1999.02.13"]
[Round "8"]
[White "Mantovani, Renzo"]
[Black "Drazic, Sinisa"]
[Result "1-0"]
[WhiteElo "2377"]
[BlackElo "2478"]
[PlyCount "143"]
[EventDate "1999.02.06"]

1. e4 c6 2. d4 d5 3. exd5 cxd5 4. Bd3 Nc6 5. c3 Nf6 6. Nf3 a6 7. Bf4 Bg4 8.
Nbd2 e6 9. h3 Bh5 10. O-O Bd6 11. Bxd6 Qxd6 12. a4 Bg6 13. Qe2 Nh5 14. Bxg6
hxg6 15. Rfe1 Nf4 16. Qe3 Ne7 17. Ne5 g5 18. Ndf3 f6 19. Nd3 Nf5 20. Qd2 Kf7
21. Nxf4 Qxf4 22. Re2 Qxd2 23. Nxd2 a5 24. Ra3 b6 25. Rb3 Rab8 26. f3 Rhc8 27.
Kf2 Rc6 28. Re1 Rh8 29. Nf1 Rb8 30. Ne3 Nd6 31. Re2 Rc7 32. Ra3 b5 33. axb5
Rxb5 34. Ra2 Rcb7 35. Ke1 f5 36. Kd1 f4 37. Ng4 Nc4 38. Kc1 R7b6 39. Ne5+ Nxe5
40. Rxe5 Kf6 41. Re2 Kg6 42. Kc2 Kh5 43. Kc1 Kh4 44. Re5 Rb3 45. Re2 Ra6 46.
Kc2 Rab6 47. Kc1 R3b5 48. Re5 g6 49. Kc2 a4 50. Kc1 Rb3 51. Kc2 g4 52. hxg4 Kg3
53. Re2 g5 54. Kd3 Ra6 55. Ra1 Kh2 56. Kc2 Rb7 57. Ra2 Kg3 58. Kd3 Rab6 59. Rc2
Ra7 60. Re2 Ra8 61. Ra1 Kh2 62. Kc2 Ra7 63. Kc1 Rba6 64. Kc2 Rh7 65. Kd3 Rha7
66. Rd2 Re7 67. g3+ Kxg3 68. Rg1+ Kh3 69. Ke2 Rb6 70. Kf2 Kh2 71. Kf1+ Kh3 72.
Rdg2 1-0

[Event "VII Open Vallee d'Aoste A"]
[Site "Saint Vincent - Chatillon ITA"]
[Date "1999.02.13"]
[Round "8"]
[White "Ortega, Lexy"]
[Black "Bellia, Fabrizio"]
[Result "1/2-1/2"]
[WhiteElo "2485"]
[BlackElo "2340"]
[PlyCount "102"]
[EventDate "1999.02.06"]

1. d4 Nf6 2. Nf3 g6 3. c4 Bg7 4. Nc3 O-O 5. e4 d6 6. Be2 e5 7. O-O Na6 8. Be3
Ng4 9. Bg5 Qe8 10. dxe5 dxe5 11. h3 h6 12. Bd2 Nf6 13. Be3 Qe7 14. a3 c6 15. b4
Nh5 16. c5 Rd8 17. Qc2 Nf4 18. Rfd1 Nxe2+ 19. Qxe2 Be6 20. Rxd8+ Rxd8 21. Rd1
Nc7 22. Rd6 Ne8 23. Rd2 f5 24. exf5 gxf5 25. Rxd8 Qxd8 26. Bd4 e4 27. Bxg7 Nxg7
28. Qd2 Qxd2 29. Nxd2 Kf7 30. g4 fxg4 31. Ncxe4 Ne8 32. hxg4 Bxg4 33. Nc4 Ke6
34. Nc3 Bf3 35. Kh2 Bd5 36. Ne3 Nf6 37. f4 Nh5 38. Ne2 Nf6 39. Nd4+ Kd7 40. Kg3
b6 41. Nxd5 Nxd5 42. f5 bxc5 43. bxc5 Nf6 44. Kf4 Kc7 45. Ne6+ Kd7 46. a4 Ke7
47. a5 Nd7 48. Nd4 Kf6 49. Nxc6 a6 50. Nb4 Nxc5 51. Nd5+ Kf7 1/2-1/2

[Event "VII Open Vallee d'Aoste A"]
[Site "Saint Vincent - Chatillon ITA"]
[Date "1999.02.13"]
[Round "8"]
[White "Pulito, Alberto"]
[Black "Ubezio, Marco"]
[Result "1-0"]
[WhiteElo "2057"]
[BlackElo "2195"]
[PlyCount "91"]
[EventDate "1999.02.06"]

1. e4 g6 2. d4 c6 3. Nc3 d5 4. e5 Bg7 5. f4 h5 6. Nf3 Bg4 7. h3 Bxf3 8. Qxf3 e6
9. Be3 Nh6 10. Bd3 Nf5 11. O-O-O h4 12. Bxf5 gxf5 13. g4 hxg3 14. Rdg1 Qh4 15.
Rxg3 Bh6 16. Rhg1 Nd7 17. Ne2 O-O-O 18. Bf2 Bf8 19. Qc3 Qh5 20. Qf3 f6 21. Kd1
Rh7 22. Qxh5 Rxh5 23. Rg6 fxe5 24. fxe5 Rxh3 25. Rxe6 Bh6 26. Reg6 Re8 27. R6g3
Rxg3 28. Rxg3 c5 29. c3 cxd4 30. cxd4 f4 31. Rf3 Rf8 32. Bg1 Rf5 33. Bh2 Nf8
34. Bg1 Ne6 35. Kd2 Ng5 36. Rf1 f3 37. Nc3 f2 38. Bxf2 Nf3+ 39. Ke2 Nd2 40. Rh1
Bg5 41. Nxd5 Ne4 42. Be1 Kd7 43. Nc3 Nxc3+ 44. bxc3 Kc6 45. Rh5 Kd5 46. Bh4 1-0

[Event "VII Open Vallee d'Aoste A"]
[Site "Saint Vincent - Chatillon ITA"]
[Date "1999.02.13"]
[Round "8"]
[White "Sadvakasov, Darmen"]
[Black "Tatai, Stefano"]
[Result "1-0"]
[WhiteElo "2487"]
[BlackElo "2359"]
[PlyCount "48"]
[EventDate "1999.02.06"]

1. e4 c5 2. Nf3 a6 3. c3 b5 4. d4 Bb7 5. Bd3 e6 6. O-O Nf6 7. Re1 Be7 8. e5 Nd5
9. dxc5 Bxc5 10. Nbd2 f5 11. exf6 Nxf6 12. Nb3 Be7 13. Nbd4 Nc6 14. Nxc6 Bxc6
15. Nd4 Bb7 16. Bf4 O-O 17. Be5 Qe8 18. Re3 Qf7 19. Qc2 g6 20. Rg3 Rfe8 21. Re1
d6 22. Bxg6 hxg6 23. Rxg6+ Kf8 24. Bf4 Bd8 1-0

[Event "VII Open Vallee d'Aoste A"]
[Site "Saint Vincent - Chatillon ITA"]
[Date "1999.02.13"]
[Round "8"]
[White "Vera Gonzalez-Quevedo, Reynaldo"]
[Black "Laketic, Gojko"]
[Result "1-0"]
[WhiteElo "2547"]
[BlackElo "2396"]
[PlyCount "47"]
[EventDate "1999.02.06"]

1. d4 d6 2. e4 Nf6 3. Nc3 g6 4. f4 Bg7 5. Nf3 O-O 6. Bd3 Na6 7. O-O c5 8. d5
Nc7 9. a4 e6 10. dxe6 fxe6 11. e5 Nfd5 12. Ne4 Nxf4 13. exd6 Ncd5 14. Bc4 Nb6
15. Ba2 Nxa4 16. c3 Qe8 17. Nfg5 h6 18. Bxf4 hxg5 19. Nxg5 c4 20. Qg4 Nxb2 21.
Qh4 Rf5 22. Qh7+ Kf8 23. g4 e5 24. gxf5 1-0

[Event "VII Open Vallee d'Aoste A"]
[Site "Saint Vincent - Chatillon ITA"]
[Date "1999.02.13"]
[Round "8"]
[White "Vezzosi, Paolo"]
[Black "Guido, Flavio"]
[Result "1/2-1/2"]
[WhiteElo "2339"]
[BlackElo "2356"]
[PlyCount "172"]
[EventDate "1999.02.06"]

1. d4 d5 2. c4 e6 3. Nc3 Bb4 4. Nf3 Nf6 5. cxd5 exd5 6. Qa4+ Nc6 7. Ne5 Bd7 8.
Nxc6 Bxc3+ 9. bxc3 Bxc6 10. Qc2 Ne4 11. Bf4 Bb5 12. Rb1 c6 13. f3 Nd6 14. e4
Bxf1 15. Kxf1 O-O 16. Bxd6 Qxd6 17. e5 Qh6 18. Rxb7 c5 19. Rb3 Rac8 20. dxc5
Rxc5 21. Kf2 d4 22. Qd3 dxc3 23. Rxc3 Rxe5 24. Qd4 Qe6 25. Rc2 Re8 26. Ra1 a5
27. a4 h6 28. Rb1 Re1 29. Rb6 Rf1+ 30. Kg3 Qe1+ 31. Kh3 Re5 32. Rc5 Re8 33.
Rbc6 Kh7 34. Qd3+ g6 35. Rf6 Re7 36. Rcc6 Qb1 37. Qxb1 Rxb1 38. Ra6 Kg7 39.
Rfb6 Ra1 40. Rxa5 Ra2 41. Rb4 Ree2 42. Rg4 h5 43. Rxh5 Rxa4 44. Rxa4 gxh5 45.
Kg3 Kg6 46. h4 Rb2 47. Ra6+ f6 48. Ra7 Rc2 49. Re7 Rb2 50. Kh3 Rb3 51. Re2 Ra3
52. Kg3 Kf5 53. Rd2 Rb3 54. Kf2 Rb5 55. g3 Ra5 56. Ke3 Re5+ 57. Kf2 Ra5 58. Rd3
Ra2+ 59. Ke3 Ra5 60. Rc3 Re5+ 61. Kd4 Re1 62. Rc5+ Kg6 63. f4 Re7 64. f5+ Kg7
65. Kd5 Re3 66. Rc7+ Kg8 67. Kd6 Re5 68. Rc5 Re3 69. Rc8+ Kg7 70. Rc7+ Kh6 71.
Re7 Rxg3 72. Ke6 Rg4 73. Kxf6 Rxh4 74. Re8 Kh7 75. Kf7 Rf4 76. f6 h4 77. Re5
Kh6 78. Ke7 Kg6 79. Re1 Kh5 80. f7 h3 81. f8=Q Rxf8 82. Kxf8 Kg4 83. Kf7 h2 84.
Kf6 Kg3 85. Kf5 Kg2 86. Re2+ Kg3 1/2-1/2

[Event "VII Open Vallee d'Aoste A"]
[Site "Saint Vincent - Chatillon ITA"]
[Date "1999.02.14"]
[Round "9"]
[White "Chatalbashev, Boris"]
[Black "Drasko, Milan"]
[Result "1/2-1/2"]
[WhiteElo "2524"]
[BlackElo "2505"]
[PlyCount "116"]
[EventDate "1999.02.06"]

1. d4 d5 2. c4 dxc4 3. Nf3 a6 4. e3 e6 5. Bxc4 c5 6. O-O Nf6 7. Qe2 b5 8. Bb3
Bb7 9. a4 b4 10. Nbd2 Nbd7 11. Nc4 Be7 12. Rd1 O-O 13. Bd2 Bd5 14. Rac1 Ra7 15.
Be1 Qa8 16. a5 cxd4 17. Nxd4 Qb7 18. f3 Nc5 19. e4 e5 20. exd5 exd4 21. d6 Nxb3
22. dxe7 Qxe7 23. Qxe7 Rxe7 24. Bxb4 Rc7 25. Bd6 Rc6 26. Bxf8 Nxc1 27. Rxc1
Kxf8 28. b3 Nd5 29. Rd1 Nc3 30. Rd2 Nb5 31. Kf2 Ke7 32. Ke2 Re6+ 33. Kd3 Kd7
34. Re2 Rxe2 35. Kxe2 Ke6 36. Kd3 Kd5 37. b4 g5 38. g3 Nc7 39. Nb6+ Ke5 40.
Nd7+ Kd6 41. Nf6 Nd5 42. Nxh7 Nxb4+ 43. Kxd4 Nc6+ 44. Kc3 g4 45. fxg4 Nxa5 46.
Ng5 Ke7 47. Nf3 Nb7 48. Kb4 Kf6 49. h4 Nd6 50. Nd2 Ke6 51. Ka5 f5 52. g5 Ne4
53. Nf1 Kf7 54. Kxa6 Kg6 55. Nh2 Nxg5 56. hxg5 Kxg5 57. Kb5 f4 58. g4 f3
1/2-1/2

[Event "VII Open Vallee d'Aoste A"]
[Site "Saint Vincent - Chatillon ITA"]
[Date "1999.02.14"]
[Round "9"]
[White "De La Villa Garcia, Jesus Maria"]
[Black "Lugovoi, Aleksei"]
[Result "1-0"]
[WhiteElo "2478"]
[BlackElo "2510"]
[PlyCount "93"]
[EventDate "1999.02.06"]

1. e4 c5 2. Nf3 d6 3. d4 cxd4 4. Nxd4 Nf6 5. Nc3 Nc6 6. Bg5 e6 7. Qd2 a6 8.
O-O-O Nxd4 9. Qxd4 Be7 10. Kb1 Bd7 11. f3 Bc6 12. h4 Qc7 13. g4 b5 14. Be3 O-O
15. g5 Nh5 16. Bh3 b4 17. Qxb4 Rab8 18. Qd4 d5 19. exd5 exd5 20. Rhe1 Rfd8 21.
Bg4 Rb4 22. Qa7 Rb7 23. Qd4 Rb4 24. Qa7 Rb7 25. Qxa6 Rdb8 26. b3 Bb4 27. Bd4
Nf4 28. Be5 Bd6 29. Nxd5 Nxd5 30. Rxd5 Bxd5 31. Bxd6 Qc3 32. Qe2 h5 33. Bxb8
hxg4 34. Be5 Qxf3 35. Qxf3 gxf3 36. Bg3 Rb4 37. Bf2 Rg4 38. Rd1 Be4 39. Kb2 Rg2
40. Rd2 f5 41. a4 Kf7 42. a5 Kg6 43. a6 Kh5 44. b4 Rxf2 45. Rxf2 Kxh4 46. b5
Kg3 47. Rxf3+ 1-0

[Event "VII Open Vallee d'Aoste A"]
[Site "Saint Vincent - Chatillon ITA"]
[Date "1999.02.14"]
[Round "9"]
[White "Drazic, Sinisa"]
[Black "Loginov, Valery A."]
[Result "1/2-1/2"]
[WhiteElo "2478"]
[BlackElo "2532"]
[PlyCount "142"]
[EventDate "1999.02.06"]

1. Nf3 Nf6 2. g3 g6 3. Bg2 Bg7 4. O-O O-O 5. d4 c6 6. Nbd2 d5 7. c3 Bf5 8. Qb3
Qb6 9. Ne5 Na6 10. Ndf3 Nc7 11. Be3 Qxb3 12. axb3 a5 13. Ra2 Ra6 14. Rfa1 Rfa8
15. Ne1 Ng4 16. Nxg4 Bxg4 17. Bf1 b6 18. Bf4 Nb5 19. Nc2 R6a7 20. Ra4 Bf5 21.
Ne1 f6 22. Bd2 Nd6 23. e3 Bd7 24. R4a2 e5 25. f3 Bh6 26. Bc1 Re8 27. Kf2 Rc7
28. dxe5 fxe5 29. c4 dxc4 30. bxc4 Nb7 31. e4 Bxc1 32. Rxc1 Nc5 33. Nd3 Nxd3+
34. Bxd3 Be6 35. Ra3 c5 36. Ke3 g5 37. Be2 Rd8 38. Rb3 Rc6 39. f4 exf4+ 40.
gxf4 gxf4+ 41. Kxf4 Bf7 42. Rg3+ Kf8 43. Ke3 Rf6 44. Rh3 h6 45. Rf3 Rxf3+ 46.
Bxf3 Ke7 47. Be2 Rg8 48. Bf3 Be6 49. Kf4 Rf8+ 50. Ke3 Kd6 51. Rg1 Rg8 52. Rxg8
Bxg8 53. Be2 Ke5 54. h4 Be6 55. Bf1 Bg4 56. Bd3 Bh3 57. Be2 Bg2 58. Bd3 a4 59.
Bc2 Bf1 60. Bxa4 Bxc4 61. Bc6 Ba6 62. Bd5 b5 63. Bc6 b4 64. Bd5 Bb5 65. Bb7 Bc4
66. Bc6 Bf7 67. Ba4 c4 68. Bb5 Be6 69. Ba6 Bf7 70. Bb5 Be6 71. Ba6 Bf7 1/2-1/2

[Event "VII Open Vallee d'Aoste A"]
[Site "Saint Vincent - Chatillon ITA"]
[Date "1999.02.14"]
[Round "9"]
[White "Glek, Igor V."]
[Black "Manca, Federico"]
[Result "1-0"]
[WhiteElo "2566"]
[BlackElo "2393"]
[PlyCount "69"]
[EventDate "1999.02.06"]

1. e4 d6 2. d4 Nf6 3. Nc3 g6 4. Nf3 Bg7 5. Be3 O-O 6. Qd2 b6 7. Bh6 c5 8. d5
Bxh6 9. Qxh6 e5 10. Ng5 a6 11. Be2 Nbd7 12. O-O Re8 13. f4 Nf8 14. fxe5 Rxe5
15. Rf4 Ng4 16. Nxf7 Nxh6 17. Nxd8 Bd7 18. Nc6 Bxc6 19. dxc6 Ne6 20. Bc4 Kg7
21. Bxe6 Rxe6 22. Nd5 Rc8 23. c7 Re5 24. Raf1 Rxd5 25. exd5 Rxc7 26. Re1 Nf7
27. Re8 b5 28. Ra8 Re7 29. Rxa6 g5 30. Rf2 h5 31. Kf1 g4 32. Re2 Rd7 33. Re6
Kh7 34. a3 Kg7 35. Rb6 1-0

[Event "VII Open Vallee d'Aoste A"]
[Site "Saint Vincent - Chatillon ITA"]
[Date "1999.02.14"]
[Round "9"]
[White "Laketic, Gojko"]
[Black "Vezzosi, Paolo"]
[Result "1-0"]
[WhiteElo "2396"]
[BlackElo "2339"]
[PlyCount "55"]
[EventDate "1999.02.06"]

1. d4 e6 2. Nf3 d5 3. c4 Bb4+ 4. Bd2 Bxd2+ 5. Nbxd2 Nf6 6. Qc2 Nbd7 7. Rc1 c6
8. e3 Qe7 9. Bd3 e5 10. cxd5 Nxd5 11. a3 exd4 12. Nxd4 Ne5 13. Be4 Be6 14. O-O
g6 15. Bxd5 cxd5 16. Qc7 Qxc7 17. Rxc7 Bc8 18. N2f3 Nxf3+ 19. Nxf3 O-O 20. Rd1
Rd8 21. Ng5 Bd7 22. Rxd5 Bc6 23. Rxd8+ Rxd8 24. h4 Rd1+ 25. Kh2 Rd2 26. Kg3
Rxb2 27. Nxf7 a5 28. Ne5 1-0

[Event "VII Open Vallee d'Aoste A"]
[Site "Saint Vincent - Chatillon ITA"]
[Date "1999.02.14"]
[Round "9"]
[White "Luciani, Valerio"]
[Black "Costantini, Roberto"]
[Result "1-0"]
[WhiteElo "2238"]
[BlackElo "2158"]
[PlyCount "179"]
[EventDate "1999.02.06"]

1. e4 c5 2. Nc3 d6 3. g3 Nc6 4. Bg2 g6 5. Nge2 Bg7 6. d3 e6 7. Be3 Nd4 8. O-O
Ne7 9. Qd2 Qa5 10. Nc1 Rb8 11. f3 b5 12. Rf2 b4 13. Nd1 Qa4 14. Bh6 O-O 15.
Bxg7 Kxg7 16. Ne3 f5 17. f4 Bb7 18. g4 Qd7 19. c3 bxc3 20. bxc3 Ndc6 21. Ne2
Kh8 22. Ng3 d5 23. exf5 exf5 24. d4 cxd4 25. cxd4 fxg4 26. Qd1 Nf5 27. Nxg4
Nfxd4 28. Ne5 Qg7 29. Nd3 Ba6 30. Rc1 Bc4 31. Nc5 Rbe8 32. Nb3 Re7 33. h3 Rfe8
34. Kh2 Qf6 35. Nd2 Ne2 36. Rxc4 dxc4 37. Nxe2 c3 38. Nb3 Rd8 39. Qc1 Rd3 40.
Nc5 Rde3 41. Ng3 Nb4 42. Nge4 Qd4 43. Nb3 Qb6 44. Nbc5 Nd5 45. Rc2 Qc7 46. Kg1
Qxf4 47. Rf2 Qe5 48. Qf1 Kg7 49. a3 a6 50. Kh1 a5 51. Nd3 Qd4 52. Nec5 a4 53.
Kh2 h5 54. Qb1 Re2 55. Rxe2 Rxe2 56. Qd1 Nf4 57. Qxe2 Nxe2 58. Ne6+ Kf6 59.
Nxd4 Nxd4 60. Kg3 c2 61. Kf2 Nb3 62. Bc6 c1=Q 63. Nxc1 Nxc1 64. Bxa4 Na2 65.
Ke3 Nc3 66. Bc6 Ke5 67. Be8 Nd5+ 68. Kf3 Kf6 69. Ke4 Nc7 70. Bc6 Ke6 71. Kf4
Kd6 72. Bf3 Ne6+ 73. Kg3 Ke5 74. a4 Nc7 75. a5 Kf5 76. Kh4 Kf4 77. Be2 Kf5 78.
Kg3 Ke5 79. Bd3 Kf6 80. Kh4 Nd5 81. a6 Nb6 82. a7 Na8 83. Bc2 Nb6 84. Be4 g5+
85. Kxh5 Ke5 86. Kxg5 Kxe4 87. h4 Ke5 88. h5 Ke6 89. Kg6 Ke7 90. Kg7 1-0

[Event "VII Open Vallee d'Aoste A"]
[Site "Saint Vincent - Chatillon ITA"]
[Date "1999.02.14"]
[Round "9"]
[White "Martorelli, Antonio"]
[Black "Sedina, Elena"]
[Result "0-1"]
[WhiteElo "2346"]
[BlackElo "2374"]
[PlyCount "60"]
[EventDate "1999.02.06"]

1. e4 e6 2. Nf3 d5 3. Nc3 d4 4. Ne2 c5 5. c3 Nf6 6. Ng3 Nc6 7. e5 Ng4 8. cxd4
cxd4 9. Qa4 Bd7 10. Nxd4 Nxf2 11. Nxc6 Bxc6 12. Bb5 Nd3+ 13. Ke2 Nxe5 14. Bxc6+
Nxc6 15. Rd1 Qd7 16. d4 Be7 17. Kf1 O-O 18. Be3 Rad8 19. Ne4 Qd5 20. Nc3 Qh5
21. h3 Bf6 22. Bf2 Qf5 23. Kg1 a6 24. Qb3 Bxd4 25. Bxd4 Nxd4 26. Qxb7 Rb8 27.
Qxa6 Rxb2 28. Qf1 Qc5 29. Ne4 Ne2+ 30. Kh1 Qe5 0-1

[Event "VII Open Vallee d'Aoste A"]
[Site "Saint Vincent - Chatillon ITA"]
[Date "1999.02.14"]
[Round "9"]
[White "Novikov, Igor A."]
[Black "Mantovani, Renzo"]
[Result "1/2-1/2"]
[WhiteElo "2601"]
[BlackElo "2377"]
[PlyCount "29"]
[EventDate "1999.02.06"]

1. d4 Nf6 2. c4 e6 3. Nf3 d5 4. Nc3 Be7 5. Bg5 O-O 6. e3 Nbd7 7. Qc2 a6 8. cxd5
exd5 9. Bd3 c6 10. O-O Re8 11. Rab1 Nf8 12. Ne5 Ng4 13. Bxe7 Qxe7 14. Nxg4 Bxg4
15. Bf5 1/2-1/2

[Event "VII Open Vallee d'Aoste A"]
[Site "Saint Vincent - Chatillon ITA"]
[Date "1999.02.14"]
[Round "9"]
[White "Sarno, Spartaco"]
[Black "Efimov, Igor"]
[Result "1-0"]
[WhiteElo "2358"]
[BlackElo "2494"]
[PlyCount "99"]
[EventDate "1999.02.06"]

1. c4 c5 2. g3 e6 3. Bg2 d5 4. Nf3 Nc6 5. O-O dxc4 6. Na3 Nf6 7. Nxc4 Be7 8. b3
O-O 9. Bb2 Bd7 10. d4 Rc8 11. dxc5 Bxc5 12. Nd6 Rc7 13. Rc1 Nb4 14. Rxc5 Rxc5
15. Nxb7 Rd5 16. Nxd8 Rxd1 17. Rxd1 Rxd8 18. Ne5 Nbd5 19. e4 Nb6 20. Nxd7 Rxd7
21. Rxd7 Nfxd7 22. Bd4 e5 23. Be3 Kf8 24. Bf1 Ke7 25. Bb5 Nf6 26. f3 Kd6 27.
Kf2 Kc7 28. Ke2 h6 29. Kd3 Nh7 30. a4 Ng5 31. Ke2 Ne6 32. a5 Nc8 33. Bc4 Kb7
34. b4 a6 35. Bd5+ Kc7 36. Kd3 Nd6 37. f4 exf4 38. gxf4 Kd7 39. e5 Nf5 40. Bc4
Ne7 41. f5 Nxf5 42. Bxa6 Ne7 43. Bb5+ Kc7 44. Bb6+ Kb7 45. Kc4 Ng6 46. Bd4 Nxd4
47. Kxd4 Ne7 48. Kc5 f5 49. exf6 gxf6 50. Bd3 1-0

[Event "VII Open Vallee d'Aoste A"]
[Site "Saint Vincent - Chatillon ITA"]
[Date "1999.02.14"]
[Round "9"]
[White "Sulava, Nenad"]
[Black "Cebalo, Miso"]
[Result "1-0"]
[WhiteElo "2466"]
[BlackElo "2511"]
[PlyCount "81"]
[EventDate "1999.02.06"]

1. d4 Nf6 2. c3 b6 3. Bg5 e6 4. e4 h6 5. Bxf6 Qxf6 6. e5 Qd8 7. f4 d5 8. Nd2
Qd7 9. Ndf3 Be7 10. a4 a5 11. Bd3 Ba6 12. Ne2 g6 13. O-O c5 14. g4 h5 15. h3
Bxd3 16. Qxd3 c4 17. Qb1 b5 18. b3 cxb3 19. Qxb3 bxa4 20. Rxa4 hxg4 21. hxg4
Nc6 22. Raa1 Rb8 23. Qc2 Qa7 24. Kg2 Qa6 25. Kf2 Kd7 26. f5 gxf5 27. gxf5 Qc4
28. Rh1 Rxh1 29. Rxh1 a4 30. Nf4 a3 31. fxe6+ Kc7 32. Nd2 Qb5 33. exf7 Nxe5 34.
dxe5 Qa5 35. Ne6+ Kc6 36. Nd4+ Kc7 37. Ne6+ Kc6 38. Nd4+ Kc7 39. N2b3 Qa4 40.
Rh6 a2 41. Ne6+ 1-0

[Event "VII Open Vallee d'Aoste A"]
[Site "Saint Vincent - Chatillon ITA"]
[Date "1999.02.14"]
[Round "9"]
[White "Tomescu, Vlad"]
[Black "Bellia, Fabrizio"]
[Result "1-0"]
[WhiteElo "2436"]
[BlackElo "2340"]
[PlyCount "83"]
[EventDate "1999.02.06"]

1. e4 e5 2. Nf3 Nc6 3. Bb5 a6 4. Ba4 Nf6 5. O-O Be7 6. Bxc6 dxc6 7. d3 Nd7 8.
b3 c5 9. Bb2 Bd6 10. Nbd2 b5 11. a4 Rb8 12. c3 O-O 13. axb5 axb5 14. d4 Re8 15.
Qc2 Bb7 16. d5 Nf8 17. c4 b4 18. Rfe1 Ng6 19. Nf1 Bc8 20. Ne3 Bd7 21. g3 Nf8
22. Red1 g6 23. Ne1 h5 24. h4 Nh7 25. Qe2 Nf6 26. N3g2 Ng4 27. f3 Nf6 28. Nd3
Nh7 29. Qe3 Qe7 30. Ra5 Nf8 31. Rda1 c6 32. Nxc5 cxd5 33. exd5 Bc7 34. Na6 Bxa5
35. Nxb8 Rxb8 36. Rxa5 f6 37. Ra7 Qd6 38. f4 exf4 39. Qxf4 Qxf4 40. Nxf4 Be8
41. Bxf6 Nd7 42. Bd4 1-0

[Event "VII Open Vallee d'Aoste A"]
[Site "Saint Vincent - Chatillon ITA"]
[Date "1999.02.14"]
[Round "9"]
[White "Vera Gonzalez-Quevedo, Reynaldo"]
[Black "Sadvakasov, Darmen"]
[Result "1-0"]
[WhiteElo "2547"]
[BlackElo "2487"]
[PlyCount "67"]
[EventDate "1999.02.06"]

1. d4 Nf6 2. c4 c5 3. d5 e6 4. Nc3 exd5 5. cxd5 d6 6. e4 g6 7. f4 Bg7 8. Bb5+
Nfd7 9. Be2 O-O 10. Nf3 Na6 11. O-O Nc7 12. Kh1 b6 13. f5 gxf5 14. Bg5 f6 15.
Bh4 f4 16. Qd2 Ne5 17. Qxf4 Ng6 18. Qg3 a6 19. Rae1 b5 20. Bd3 Qd7 21. h3 Bb7
22. Nd1 f5 23. exf5 Nxh4 24. Nxh4 Nxd5 25. f6 Rxf6 26. Bf5 Qc7 27. Nf2 Kh8 28.
Ng4 Rg8 29. Ng6+ Rxg6 30. Bxg6 Be5 31. Rxe5 Rxg6 32. Re8+ Kg7 33. Qf2 Nf6 34.
Re6 1-0

[Event "XVIII Corsicoscacchi FIDE"]
[Site "Corsico ITA"]
[Date "1999.05.02"]
[Round "6"]
[White "Zlochevskij, Alexander"]
[Black "Everet, Alexandro"]
[Result "1-0"]
[WhiteElo "2457"]
[BlackElo "2253"]
[PlyCount "57"]
[EventDate "1999.04.30"]

1. d4 g6 2. e4 Bg7 3. Nc3 d6 4. Be3 Nf6 5. f3 O-O 6. Qd2 Re8 7. O-O-O c6 8. Bh6
Bh8 9. h4 Qa5 10. g4 b5 11. h5 b4 12. Nb1 Be6 13. hxg6 fxg6 14. a3 c5 15. Nh3
Nc6 16. Ng5 Ba2 17. b3 Nxd4 18. Bc4+ e6 19. axb4 Qc7 20. Nc3 a5 21. bxc5 Nd5
22. exd5 Qxc5 23. Qf4 Re7 24. dxe6 Nxb3+ 25. cxb3 Bxc3 26. Qf7+ Rxf7 27. exf7+
Kh8 28. Bg7+ Kxg7 29. Rxh7+ 1-0

[Event "XVIII Corsicoscacchi FIDE"]
[Site "Corsico ITA"]
[Date "1999.05.02"]
[Round "6"]
[White "Zoldan, Matteo"]
[Black "Barlocco, Carlo"]
[Result "1-0"]
[WhiteElo "2099"]
[BlackElo "2245"]
[PlyCount "95"]
[EventDate "1999.04.30"]

1. e4 c5 2. Nf3 Nc6 3. d4 cxd4 4. Nxd4 Nf6 5. Nc3 d6 6. f3 e5 7. Nb3 d5 8. exd5
Nb4 9. Bg5 Be7 10. Qd2 Nbxd5 11. Bb5+ Bd7 12. Bxd7+ Qxd7 13. O-O-O Nxc3 14.
Qxc3 Qf5 15. Bxf6 Rc8 16. Qd3 Qxd3 17. Rxd3 Bxf6 18. Nd2 Bg5 19. Kb1 Bxd2 20.
Rxd2 Ke7 21. Rhd1 Rc7 22. c4 Rhc8 23. b3 Ke6 24. Rd5 Rc5 25. Kb2 b5 26. Rxc5
Rxc5 27. cxb5 Rxb5 28. Rd8 Rb7 29. Kc3 Kf5 30. g3 g5 31. h3 Rc7+ 32. Kd3 h5 33.
Rh8 Rc1 34. Rxh5 f6 35. Rh7 Rg1 36. g4+ Kf4 37. Rf7 Rd1+ 38. Ke2 Rd6 39. Rxa7
Rc6 40. Ra4+ Kg3 41. Rc4 Ra6 42. a4 Kxh3 43. Kf2 Rd6 44. a5 Rd2+ 45. Ke3 Rb2
46. Rb4 Ra2 47. Ra4 Rb2 48. Ra3 1-0

[Event "XII Festival A"]
[Site "Robecchetto con Induno ITA"]
[Date "1999.01.02"]
[Round "1"]
[White "Barlocco, Carlo"]
[Black "Montaruli, Roberto"]
[Result "0-1"]
[WhiteElo "2245"]
[BlackElo "1828"]
[PlyCount "122"]
[EventDate "1999.01.02"]

1.e4 c5 2.Nf3 d6 3.d4 cxd4 4.Nxd4 Nf6 5.Nc3 a6 6.Be3 e5 7.Nb3 Be6 8.Be2 
Be7 9.O-O Nbd7 10.f4 exf4 11.Bxf4 Ne5 12.Kh1 O-O 13.Nd4 Qc7 14.Nxe6 fxe6 
15.Qd4 Nfd7 16.Bg3 Qc5 17.Qa4 Qc6 18.Rxf8+ Kxf8 19.Bxe5 Nxe5 20.Qb3 Kf7 
21.Bd3 Bf6 22.Ne2 Nd7 23.c3 Nc5 24.Qc2 Rc8 25.Rf1 Ke7 26.e5 Bxe5 27.Bxh7 
Rf8 28.Rxf8 Kxf8 29.Qd1 Ne4 30.Qf1+ Nf6 31.Bc2 Qc4 32.Bb3 Qh4 33.g3 Qe4+ 
34.Qg2 Ke7 35.Qxe4 Nxe4 36.Kg2 Nd2 37.h4 Nxb3 38.axb3 d5 39.Kf3 Bd6 40.Nd4
Kf6 41.g4 e5 42.Nf5 e4+ 43.Ke3 Be5 44.h5 b5 45.Kf2 Bf4 46.Ne3 Bxe3+ 47.
Kxe3 Kg5 48.c4 dxc4 49.bxc4 bxc4 50.Kxe4 Kxg4 51.Kd4 Kxh5 52.Kxc4 g5 53.
Kd3 g4 54.Ke2 Kg5 55.Kf2 Kf4 56.b4 Ke4 57.Kg3 Kd4 58.Kxg4 Kc4 59.Kf3 Kxb4 
60.Ke2 Kb3 61.Kd1 Kb2 0-1